000 01317cam a22002291 4500
082 _a621.8
_bSHU
_cL-24, P-11
100 1 _aShuman, John Theodore,
_941971
245 1 0 _aFundamental shop training for those preparing for war service
_c[by] John T. Shuman ... Captain Bailey Wright ... James Ritchey ... and a staff of technical experts.
260 _aChicago,
_bAmerican technical society,
_c1943.
300 _a 327 p.
_bincl. front., illus., diagrs.
_c22 cm.
490 0 _aAmerican technical society, Chicago. Production training series
500 _aPreinduction training workbook, prepared by the instruction staff of the American technical society for Fundamental shop training, using the six-step plan of instruction. Includes home and school workshop projects. Chicago, Ill., American technical society [1943] 73, [10] p. illus., fold. plates, diagrs. 28 x 22 cm. (On cover: American technical society, Chicago. Preinduction training series) "References": p. 71.
526 _a0
_b0
_c0
_d621_800000000000000_SHU
650 0 _aAirplanes
_xDesign and construction.
_92216
650 0 _aKnots and splices.
_941972
650 0 _aMCE
_9379
650 0 _aMetal-work.
_934700
650 0 _aWoodwork.
_941973
700 1 _aRitchey, James,
_941974
700 1 _aWright, Bailey Auera,
_941975
942 _2ddc
_cBK
999 _c545986
_d545986